Глобальная гражданственность (Запись № 9980314)
[ простой вид ]
| 000 -МАРКЕР | |
|---|---|
| контрольное поле | 01828nam0a2200373 4500 |
| 001 - ИДЕНТИФИКАТОР ЗАПИСИ | |
| контрольное поле | RU\NLR\BIBL_A\010461830 |
| 005 - ИДЕНТИФИКАТОР ВЕРСИИ | |
| контрольное поле | 20260407163749.0 |
| 010 ## - МЕЖДУНАРОДНЫЙ СТАНДАРТНЫЙ НОМЕР КНИГИ (ISBN) | |
| Номер (ISBN) | 978-5-91734-040-1 |
| Тираж | 500 |
| 021 ## - НОМЕР ГОСУДАРСТВЕННОЙ РЕГИСТРАЦИИ | |
| Код страны | Российская Федерация |
| Номер | 2014-50271 |
| Номер Листа государственной регистраци | 3038 |
| 035 ## - ДРУГИЕ СИСТЕМНЫЕ НОМЕРА | |
| Идентификатор записи | (NLR Aleph) 010461830 |
| 035 ## - ДРУГИЕ СИСТЕМНЫЕ НОМЕРА | |
| Идентификатор записи | (NILC)RuMoRGB-007516925 |
| 100 ## - ДАННЫЕ ОБЩЕЙ ОБРАБОТКИ | |
| Данные общей обработки | 20140912d2014 k y0rusy50 ca |
| 101 1# - ЯЗЫК РЕСУРСА | |
| Язык текста, звукозаписи и т.д. | русский |
| Язык оригинала | английский |
| 102 ## - СТРАНА ПУБЛИКАЦИИ ИЛИ ПРОИЗВОДСТВА | |
| Страна публикации | Российская Федерация |
| 105 ## - ПОЛЕ КОДИРОВАННЫХ ДАННЫХ: ТЕКСТОВЫЕ МАТЕРИАЛЫ, МОНОГРАФИЧЕСКИЕ | |
| Кодированные данные о монографическом текстовом документе | y|||z||||00yy |
| 200 1# - ЗАГЛАВИЕ И СВЕДЕНИЯ ОБ ОТВЕТСТВЕННОСТИ | |
| Основное заглавие | Глобальная гражданственность |
| Сведения, относящиеся к заглавию | [избранные главы из книги Hakan Altinay ed. Global civics: responsibilities and rights in an independent world - Washington: Brookings institution press, 2011] |
| Первые сведения об ответственности | Хакан Алтинай |
| Последующие сведения об ответственности | [пер. с англ. Инны Березкиной] |
| 210 ## - ПУБЛИКАЦИЯ, РАСПРОСТРАНЕНИЕ И ДР. | |
| Место издания, распространения и т.д. | Москва |
| Имя издателя, распространителя и т. д. | Московская школа гражданского просвещения |
| Дата издания, распространения и т.д. | 2014 |
| 215 ## - ФИЗИЧЕСКАЯ ХАРАКТЕРИСТИКА | |
| Специфическое обозначение материала и объем | 94, [1] с. |
| Размеры | 20 |
| 225 1# - СЕРИЯ | |
| Основное заглавие серии | Своевременная мысль |
| 500 10 - УНИФИЦИРОВАННОЕ ЗАГЛАВИЕ | |
| Связь между полями | z01702 |
| Унифицированное заглавие | Global civics: responsibilities and rights in an independent world |
| 606 1# - НАИМЕНОВАНИЕ ТЕМЫ КАК ПРЕДМЕТ | |
| Наименование темы | Гражданственность |
| Тематический подзаголовок | Социокультурные исследования |
| Системный номер авторитетной/нормативной записи | 2471246 |
| Идентификатор авторитетной/нормативной записи | RU\NLR\AUTH\661467722 |
| 610 0# - НЕКОНТРОЛИРУЕМЫЕ ПРЕДМЕТНЫЕ ТЕРМИНЫ | |
| Предметный термин | глобальная гражданственность |
| 686 1# - ИНДЕКСЫ ДРУГИХ КЛАССИФИКАЦИЙ | |
| Индекс | Т3(0)-7 |
| 700 #1 - ИМЯ ЛИЦА - ПЕРВИЧНАЯ ОТВЕТСТВЕННОСТЬ | |
| Начальный элемент ввода | Алтинай |
| Часть имени, кроме начального элемента ввода | Х. |
| Расширение инициалов личного имени | Хакан |
| Системный номер авторитетной/нормативной записи | 145115 |
| Идентификатор авторитетной/нормативной записи | RU\NLR\AUTH\770145151 |
| 701 #1 - ИМЯ ЛИЦА - АЛЬТЕРНАТИВНАЯ ОТВЕТСТВЕННОСТЬ | |
| Код отношения | Прочие |
| Связь между полями | z01500 |
| Графика поля | Латинская |
| Материалы, к которым относится поле | eng |
| Начальный элемент ввода | Altinay |
| Часть имени, кроме начального элемента ввода | H. |
| Расширение инициалов личного имени | Hakan |
| Системный номер авторитетной/нормативной записи | 145116 |
| Идентификатор авторитетной/нормативной записи | RU\NLR\AUTH\770145152 |
| 801 #0 - ИСТОЧНИК ЗАПИСИ | |
| Страна | Российская Федерация |
| Организация | РГБ |
| Дата составления | 20140707 |
| Правила каталогизации | RCR |
| 942 ## - ДОПОЛНИТЕЛЬНЫЕ ЭЛЕМЕНТЫ ЗАПИСИ (АБИС) | |
| Тип экземпляра АБИС | Книга |
| 980 ## - КОЛЛЕКЦИЯ | |
| Название коллекции | НБР |
| 980 ## - КОЛЛЕКЦИЯ | |
| Название коллекции | Иноагенты |
| 980 ## - КОЛЛЕКЦИЯ | |
| Название коллекции | Национальная библиография |
| 996 ## - Примечание о цензурировании | |
| Иноагент/Метка | |
| Код типа метки | иноагент-организация |
| ФИО / наименование полностью (как указано в Росреестре) | Автономная некоммерческая организация «Московская школа гражданского просвещения» |
Нет доступных экземпляров.